| 000 | 00470nam a2200157 i 4500 | ||
|---|---|---|---|
| 001 | 60574 | ||
| 003 | ES-MaACL | ||
| 005 | 20230906164248.0 | ||
| 007 | t| | ||
| 008 | 031105s1918 sp ||||1| spa d | ||
| 100 | 1 |
_aEspinós Moltó, Víctor. _947870 |
|
| 245 | 1 | 0 |
_aAlfonso XIII y la guerra _b: espejo de neutrales : 1914-1917 / _cVíctor Espinós Moltó. |
| 260 |
_aMadrid : _bRevista de Archivos, _c1918. |
||
| 300 |
_a241 p. ; _c26 cm. |
||
| 852 |
_aES-MaACL _jF-11311 |
||
| 999 |
_c60574 _d60574 |
||